000
00238 a2200097 4500
001
38738
100
_a
Shakespear
245
_a
Dictionary: Urdu- English and English - Urdu
260
_a
Lahore
_b
Sang-e-Meel
_c
1996
090
_c
24558
_d
24558
942
_a
NUST-CAE
_c
M
_c
16178
999
_c
273811
_d
273811